000 00371nam a2200157Ia 4500
005 20250508165023.0
008 250508s9999||||xx |||||||||||||| ||und||
041 _aEnglish
082 _a332.6457
_bCHA
100 _aChatnani, Nandini, Niti
245 0 _aCommodity Markets and Derivatives
250 _a2ed
260 _bCengage
_c2019
300 _a296p
942 _cBK
999 _c13601
_d13601